WWE Royal Rumble 2014 Entrants Quiz - Statistics

General Stats
  • This quiz has been taken 1,296 times
  • The average score is 22 of 30
Answer Stats
EN Answer EL % Correct
2 Seth Rollins 25
96%
11 Dean Ambrose 26
94%
15 Roman Reigns 29
94%
28 Batista W
93%
5 Kane 2
91%
1 CM Punk 27
90%
8 Kofi Kingston 7
85%
17 Sheamus 28
84%
12 Dolph Ziggler 8
83%
4 Cody Rhodes 11
82%
18 The Miz 16
81%
10 Goldust 12
79%
29 Big E Langston 21
78%
30 Rey Mysterio 22
78%
21 Antonio Cesaro 24
77%
22 Luke Harper 23
73%
27 Alberto Del Rio 20
72%
25 Erick Rowan 18
72%
6 Alexander Rusev 3
71%
26 Ryback 19
68%
7 Jack Swagger 6
64%
13 R-Truth 4
63%
16 The Great Khali 10
62%
23 Jey Uso 17
60%
9 Jimmy Uso 5
60%
3 Damien Sandow 1
58%
14 Kevin Nash 9
55%
19 Fandango 13
51%
20 El Torito 14
45%
24 John "Bradshaw" Layfield 15
45%
No matching quizzes found
Score Distribution
Percent of People with Each Score
Percentile by Number Answered
Your Score History
You have not taken this quiz